[Event "NRW Class1 1516"]
[Site "Germany"]
[Date "2016.02.14"]
[Round "6.6"]
[White "Chapman, Alan John"]
[Black "Georg, Heinz"]
[Result "0-1"]
[WhiteElo "2015"]
[BlackElo "2155"]
[PlyCount "48"]
[EventDate "2015.09.27"]
[EventType "team-tourn"]
[EventRounds "9"]
[EventCountry "GER"]
[SourceTitle "EXT 2017"]
[Source "ChessBase"]
[SourceDate "2016.10.25"]
[SourceVersion "1"]
[SourceVersionDate "2016.10.25"]
[SourceQuality "1"]
[WhiteTeam "Lippstadt Turm"]
[BlackTeam "Kamen"]
[WhiteTeamCountry "GER"]
[BlackTeamCountry "GER"]

1. e4 e5 2. Nf3 Nc6 3. c3 d5 4. Bb5 f6 5. Qa4 Nge7 6. d3 Be6 7. Nbd2 a6 8. Bxc6+ Nxc6 9. 0-0 Be7 10. d4 b5 11. Qc2 0-0 12. Re1 dxe4 13. Nxe4 Bg4 14. Be3 Bxf3 15. gxf3 f5 16. Nc5 Bxc5 17. dxc5 f4 18. Bd2 Rf6 19. Kh1 Kh8 20. a4 Rb8 21. axb5 axb5 22. b4 Rh6 23. Rg1 Qd5 24. Qd1 Rd8 0-1

[Event "NRW Class1 1516"]
[Site "Germany"]
[Date "2015.12.20"]
[Round "4.6"]
[White "Chapman, Alan John"]
[Black "Tueckmantel, Rene"]
[Result "0-1"]
[WhiteElo "2015"]
[BlackElo "2132"]
[PlyCount "76"]
[EventDate "2015.09.27"]
[EventType "team-tourn"]
[EventRounds "9"]
[EventCountry "GER"]
[SourceTitle "EXT 2017"]
[Source "ChessBase"]
[SourceDate "2016.10.25"]
[SourceVersion "1"]
[SourceVersionDate "2016.10.25"]
[SourceQuality "1"]
[WhiteTeam "Lippstadt Turm"]
[BlackTeam "Wuppertal Bahn"]
[WhiteTeamCountry "GER"]
[BlackTeamCountry "GER"]

1. e4 e5 2. Nf3 Nc6 3. Bb5 a6 4. Ba4 Nf6 5. Qe2 Be7 6. d4 exd4 7. e5 Nd5 8. Bb3 Nb6 9. a4 d5 10. a5 Nc4 11. Ba4 Bb4+ 12. c3 dxc3 13. bxc3 Bc5 14. 0-0 0-0 15. Bg5 Be7 16. Bf4 Bg4 17. Bc2 Qd7 18. Rd1 Rad8 19. Nbd2 Na3 20. Ba4 Qf5 21. Bg3 Nxa5 22. Qf1 b5 23. Nd4 Qc8 24. f3 Bf5 25. N2b3 N5c4 26. Nxf5 Qxf5 27. Nd4 Qg6 28. Bb3 Ne3 29. Qd3 Nxd1 30. Qxd1 c5 31. Ne2 c4 32. Nf4 Qb6+ 33. Bf2 Bc5 34. Bd4 b4 35. Ba4 bxc3 36. Rxa3 Bxd4+ 37. Kh1 Qb2 38. Ra1 c2 0-1

[Event "NRW Class1 1516"]
[Site "Germany"]
[Date "2015.11.22"]
[Round "3.6"]
[White "Chapman, Alan John"]
[Black "Klauke, Stefan"]
[Result "1-0"]
[WhiteElo "2015"]
[BlackElo "2099"]
[PlyCount "103"]
[EventDate "2015.09.27"]
[EventType "team-tourn"]
[EventRounds "9"]
[EventCountry "GER"]
[SourceTitle "EXT 2017"]
[Source "ChessBase"]
[SourceDate "2016.10.25"]
[SourceVersion "1"]
[SourceVersionDate "2016.10.25"]
[SourceQuality "1"]
[WhiteTeam "Lippstadt Turm"]
[BlackTeam "Iserlohn Koenigsspringer"]
[WhiteTeamCountry "GER"]
[BlackTeamCountry "GER"]

1. d4 Nf6 2. c4 e5 3. d5 c6 4. Nc3 Bb4 5. Bd2 d6 6. e3 0-0 7. Be2 cxd5 8. cxd5 a5 9. Nf3 Na6 10. 0-0 Nc7 11. Bc4 Bxc3 12. bxc3 b5 13. Be2 Nfxd5 14. e4 Nf6 15. Bd3 Bb7 16. Re1 Ne6 17. Qb1 Nc5 18. Bc2 Bc6 19. Bg5 h6 20. Bh4 Rb8 21. Nd2 b4 22. c4 g5 23. Bg3 a4 24. Qd1 Qb6 25. Rb1 Qa6 26. f3 Rb7 27. Nf1 Bd7 28. h4 Nh5 29. hxg5 hxg5 30. Qd2 Nf4 31. Bxf4 gxf4 32. Rxb4 Rfb8 33. Rxb7 Rxb7 34. g3 Qxc4 35. gxf4 Rb2 36. Ne3 Qd4 37. Qg2+ Kf8 38. fxe5 Nd3 39. Qg5 Nxe5 40. Qh6+ Ke7 41. Rd1 Qb6 42. Rxd6 Nxf3+ 43. Kf2 Rxc2+ 44. Kxf3 Qxd6 45. Nd5+ Qxd5 46. exd5 Rc3+ 47. Ke4 Bh3 48. Ke5 a3 49. Qd6+ Ke8 50. Qb8+ Bc8 51. Kd6 f5 52. Qa7 1-0

[Event "NRW Class1 1415"]
[Site "Germany"]
[Date "2015.03.22"]
[Round "8.6"]
[White "Chapman, Alan John"]
[Black "Bruchmann, Norbert"]
[Result "0-1"]
[WhiteElo "1998"]
[BlackElo "2078"]
[PlyCount "102"]
[EventDate "2014.09.14"]
[EventType "team-tourn"]
[EventRounds "9"]
[EventCountry "GER"]
[SourceTitle "EXT 2017"]
[Source "ChessBase"]
[SourceDate "2016.10.25"]
[SourceVersion "1"]
[SourceVersionDate "2016.10.25"]
[SourceQuality "1"]
[WhiteTeam "Lippstadt Turm"]
[BlackTeam "Ennepe Ruhr Sued"]
[WhiteTeamCountry "GER"]
[BlackTeamCountry "GER"]

1. e4 e6 2. d4 d5 3. Nd2 c5 4. Ngf3 Nc6 5. c3 Nf6 6. e5 Nd7 7. Bd3 Qb6 8. 0-0 cxd4 9. cxd4 Nxd4 10. Nxd4 Qxd4 11. Nf3 Qb6 12. Qa4 Qb4 13. Qc2 Qc5 14. Qe2 Qb6 15. Rb1 Be7 16. b4 Qd8 17. Be3 0-0 18. Rfc1 f6 19. Qc2 Nxe5 20. Bxh7+ Kh8 21. Nxe5 fxe5 22. Rb3 e4 23. Bg6 Rf6 24. Qe2 Rxg6 25. Qh5+ Kg8 26. Qxg6 Bd7 27. Bd4 Bf6 28. Bxf6 Qxf6 29. Qxf6 gxf6 30. Rc7 Rc8 31. Rxc8+ Bxc8 32. Rc3 Bd7 33. Kf1 Bb5+ 34. Ke1 Bc4 35. Kd2 a6 36. a4 b5 37. a5 Kg7 38. Rg3+ Kh7 39. h4 d4 40. h5 f5 41. h6 f4 42. Rg7+ Kxh6 43. Ra7 e3+ 44. fxe3 fxe3+ 45. Kc2 d3+ 46. Kc3 d2 47. Rd7 Bd5 48. Kc2 Bxg2 49. Rd6 Be4+ 50. Kd1 Bf3+ 51. Kc2 d1Q+ 0-1

[Event "NRW Class1 1415"]
[Site "Germany"]
[Date "2014.09.14"]
[Round "1.6"]
[White "Schienmann, Bruno"]
[Black "Chapman, Alan John"]
[Result "1-0"]
[WhiteElo "2204"]
[BlackElo "1998"]
[PlyCount "91"]
[EventDate "2014.09.14"]
[EventType "team-tourn"]
[EventRounds "9"]
[EventCountry "GER"]
[SourceTitle "EXT 2017"]
[Source "ChessBase"]
[SourceDate "2016.10.25"]
[SourceVersion "1"]
[SourceVersionDate "2016.10.25"]
[SourceQuality "1"]
[WhiteTeam "Niederkassel"]
[BlackTeam "Lippstadt Turm"]
[WhiteTeamCountry "GER"]
[BlackTeamCountry "GER"]

1. d4 e6 2. c4 Bb4+ 3. Bd2 a5 4. e3 Nf6 5. Bd3 0-0 6. Ne2 d6 7. 0-0 e5 8. Bc1 a4 9. a3 Ba5 10. Qxa4 e4 11. Bc2 Bd7 12. Qb3 Bb6 13. Nd2 Ba4 14. Qc3 Ba5 15. b4 Bxc2 16. Qxc2 Bxb4 17. Nxe4 Ba5 18. Rb1 b6 19. N2g3 Nbd7 20. Nxf6+ Qxf6 21. Bb2 Rfe8 22. e4 Qg6 23. Rbd1 f6 24. f4 Nf8 25. Rf3 Qf7 26. Rdf1 c6 27. e5 b5 28. Nf5 Qxc4 29. Qxc4+ bxc4 30. Nxd6 Reb8 31. Nxc4 f5 32. g4 fxg4 33. Rg3 h5 34. f5 Bd8 35. Bc1 Ra4 36. Rc3 Nh7 37. Kf2 Bg5 38. Kg3 Bxc1 39. Rfxc1 Ng5 40. Kh4 Nf3+ 41. Kxh5 Nxd4 42. Rf1 Nf3 43. e6 Kf8 44. Rd1 Nxh2 45. Ne5 Rb5 46. Rd8+ 1-0

[Event "NRW Class2 1314"]
[Site "Germany"]
[Date "2014.02.02"]
[Round "6.7"]
[White "Chapman, Alan John"]
[Black "Hunold, Rolf"]
[Result "1-0"]
[WhiteElo "2007"]
[BlackElo "1950"]
[PlyCount "61"]
[EventDate "2013.09.15"]
[EventType "team-tourn"]
[EventRounds "9"]
[EventCountry "GER"]
[SourceTitle "EXT 2015"]
[Source "ChessBase"]
[SourceDate "2014.11.20"]
[SourceVersion "1"]
[SourceVersionDate "2014.11.20"]
[SourceQuality "1"]
[WhiteTeam "Lippstadt Turm"]
[BlackTeam "Letmathe"]
[WhiteTeamCountry "GER"]
[BlackTeamCountry "GER"]

1. d4 Nf6 2. Nf3 e6 3. c4 b6 4. g3 Bb7 5. Bg2 Bb4+ 6. Bd2 Qe7 7. 0-0 Bxd2 8. Nbxd2 0-0 9. Qc2 d6 10. e4 e5 11. Nh4 g6 12. f4 Nc6 13. Ndf3 exd4 14. e5 Ng4 15. Rae1 Ne3 16. Rxe3 dxe3 17. exd6 cxd6 18. Qc3 Rae8 19. Re1 f6 20. f5 g5 21. Nxg5 fxg5 22. Bd5+ Rf7 23. f6 Qd7 24. Bxf7+ Kxf7 25. Qd3 Kf8 26. f7 Kxf7 27. Qxh7+ Ke6 28. Qg6+ Ke7 29. Qxg5+ Ke6 30. Rf1 Ne5 31. Qf6# 1-0

[Event "NRW Class2 1314"]
[Site "Germany"]
[Date "2013.12.08"]
[Round "4.7"]
[White "Chapman, Alan John"]
[Black "Sicars, Thorsten"]
[Result "0-1"]
[WhiteElo "2007"]
[BlackElo "1945"]
[PlyCount "74"]
[EventDate "2013.09.15"]
[EventType "team-tourn"]
[EventRounds "9"]
[EventCountry "GER"]
[SourceTitle "EXT 2015"]
[Source "ChessBase"]
[SourceDate "2014.11.20"]
[SourceVersion "1"]
[SourceVersionDate "2014.11.20"]
[SourceQuality "1"]
[WhiteTeam "Lippstadt Turm"]
[BlackTeam "Holsterhausen"]
[WhiteTeamCountry "GER"]
[BlackTeamCountry "GER"]

1. e4 c6 2. Ne2 d5 3. e5 c5 4. d4 Nc6 5. c3 Bf5 6. Ng3 Bg6 7. f4 e6 8. h4 Qb6 9. f5 Bxf5 10. Nxf5 exf5 11. dxc5 Bxc5 12. Bd3 Nge7 13. Qe2 Qc7 14. b4 Bb6 15. Bf4 0-0 16. h5 Rfe8 17. Nd2 f6 18. Bh2 Nxe5 19. Bxe5 Qxe5 20. Qxe5 fxe5 21. Bb5 Nc6 22. Nf3 a5 23. 0-0-0 e4 24. Nh4 Re5 25. Rhf1 f4 26. bxa5 Rxa5 27. a4 Rxh5 28. g3 f3 29. Rh1 Re5 30. g4 g6 31. Rhe1 Rg5 32. c4 f2 33. Rh1 d4 34. Rh2 Rxg4 35. Nxg6 e3 36. c5 Bc7 37. Bc4+ Kg7 0-1

[Event "NRW Class2 1112"]
[Site "Germany"]
[Date "2012.03.04"]
[Round "7.6"]
[White "Haude, Ruediger"]
[Black "Chapman, Alan John"]
[Result "1-0"]
[WhiteElo "2059"]
[BlackElo "1997"]
[PlyCount "91"]
[EventDate "2011.09.18"]
[EventType "team-tourn"]
[EventRounds "9"]
[EventCountry "GER"]
[SourceTitle "EXT 2015"]
[Source "ChessBase"]
[SourceDate "2014.11.20"]
[SourceVersion "1"]
[SourceVersionDate "2014.11.20"]
[SourceQuality "1"]
[WhiteTeam "Letmathe"]
[BlackTeam "Lippstadt Turm"]
[WhiteTeamCountry "GER"]
[BlackTeamCountry "GER"]

1. Nf3 d5 2. d4 g6 3. Bf4 Bg7 4. e3 c5 5. c3 Nc6 6. Nbd2 Nh6 7. h3 0-0 8. Bd3 f6 9. e4 cxd4 10. exd5 dxc3 11. bxc3 e5 12. Be3 Nf7 13. Be4 Ne7 14. c4 f5 15. Bc2 b6 16. g3 h6 17. h4 Nd6 18. Rc1 f4 19. gxf4 Nef5 20. fxe5 Nxe3 21. fxe3 Nf5 22. e4 Ne3 23. Qe2 Nxc2+ 24. Rxc2 Bg4 25. Qe3 Qe8 26. e6 Qa4 27. Rc1 Qxa2 28. e5 Rae8 29. 0-0 Bh3 30. Ra1 Qc2 31. Nd4 Rxf1+ 32. Rxf1 Qa2 33. Rf2 Qb2 34. Nc6 Bf5 35. Kh2 Kh7 36. Nf3 Qb1 37. Nxa7 Ra8 38. Qa3 Qe4 39. Qe7 Qf4+ 40. Kg1 Bh3 41. Ng5+ hxg5 42. Rxf4 gxf4 43. Kf2 Kh8 44. Qb7 Re8 45. Qc6 Rg8 46. e7 1-0

[Event "Moehnesee Cup-A 37th"]
[Site "Moehnesee"]
[Date "2011.09.04"]
[Round "7"]
[White "Chapman, Alan John"]
[Black "Gutzen, Werner"]
[Result "1-0"]
[WhiteElo "2043"]
[BlackElo "1822"]
[PlyCount "129"]
[EventDate "2011.09.01"]
[EventType "swiss"]
[EventRounds "7"]
[EventCountry "GER"]
[SourceTitle "EXT 2013"]
[Source "ChessBase"]
[SourceDate "2012.11.22"]
[SourceVersion "1"]
[SourceVersionDate "2012.11.22"]
[SourceQuality "1"]

1. e4 c6 2. d4 d5 3. exd5 cxd5 4. c4 Nf6 5. Nc3 e6 6. Nf3 Be7 7. cxd5 Nxd5 8. Bd3 Nc6 9. 0-0 0-0 10. Re1 Bf6 11. Ne4 Bxd4 12. Nfg5 g6 13. h4 Nf6 14. Ng3 e5 15. Qb3 Qb6 16. Qxb6 Bxb6 17. h5 Ng4 18. N3e4 h6 19. Nh3 Nb4 20. Be2 Kg7 21. Bd1 Nd3 22. Re2 Nxc1 23. Rxc1 Rd8 24. hxg6 fxg6 25. Bb3 Bf5 26. Kh1 Bxe4 27. Rxe4 Rd4 28. Rxd4 exd4 29. Bd5 Rd8 30. Bf3 Ne5 31. Nf4 Rd7 32. Be4 Rf7 33. g3 Rd7 34. Kg2 g5 35. Nh5+ Kf7 36. f4 Ng4 37. Kf3 Ne3 38. Bd3 g4+ 39. Kf2 Ba5 40. Rc8 Nd1+ 41. Kf1 Nxb2 42. Bc2 Rc7 43. Bb3+ Kg6 44. Re8 Nc4 45. Rg8+ Kxh5 46. Ba4 Re7 47. Re8 Nb6 48. Rxe7 Nxa4 49. Re5+ Kg6 50. Rxa5 Nc3 51. Rxa7 d3 52. Ke1 Ne4 53. Rxb7 Nxg3 54. a4 h5 55. a5 h4 56. Kd2 Ne4+ 57. Kxd3 Nc5+ 58. Ke2 Nxb7 59. a6 h3 60. Kf2 Nc5 61. a7 Kf5 62. a8Q h2 63. Qf8+ Ke4 64. Qxc5 Kxf4 65. Qd6+ 1-0

[Event "Dortmund Sparkassen op-A"]
[Site "Dortmund"]
[Date "2011.07.28"]
[Round "6"]
[White "Chapman, Alan John"]
[Black "Schmitz, Tim"]
[Result "1-0"]
[WhiteElo "2043"]
[BlackElo "1934"]
[PlyCount "120"]
[EventDate "2011.07.23"]
[EventType "swiss"]
[EventRounds "9"]
[EventCountry "GER"]
[SourceTitle "CBM 143 Extra"]
[Source "ChessBase"]
[SourceDate "2011.08.29"]
[SourceVersion "1"]
[SourceVersionDate "2011.08.29"]
[SourceQuality "1"]

1. e4 c5 2. Nf3 d6 3. d4 cxd4 4. Nxd4 Nf6 5. Nc3 a6 6. Bc4 e6 7. Bb3 b5 8. Bg5 Be7 9. Qf3 Qc7 10. 0-0-0 Bd7 11. Rhe1 Nc6 12. Bxf6 gxf6 13. Nd5 Qa7 14. Nxf6+ Kd8 15. Nxc6+ Bxc6 16. Qc3 Rc8 17. Nd5 Rg8 18. Nxe7 Kxe7 19. Qd2 Qc5 20. g3 b4 21. Qf4 Qg5 22. Qxg5+ Rxg5 23. f4 Rc5 24. a3 bxa3 25. bxa3 a5 26. Rd4 Rb8 27. Kd2 Rc8 28. c4 Be8 29. e5 dxe5 30. fxe5 Rb8 31. Bc2 h5 32. Rh4 f6 33. exf6+ Kxf6 34. Ree4 e5 35. Re3 Rd8+ 36. Rd3 Rxd3+ 37. Bxd3 Bf7 38. Kc3 Kg5 39. Re4 Bg6 40. h4+ Kf6 41. Re1 Bf7 42. Rb1 e4 43. Be2 Rf5 44. Kd4 Rf2 45. Rf1 Rxf1 46. Bxf1 Bg6 47. Bg2 e3 48. Kxe3 Ke5 49. Bf3 Bf7 50. c5 Bg6 51. c6 Kd6 52. Kf4 Bf7 53. Kg5 Be8 54. Kf6 Kc7 55. g4 hxg4 56. Bxg4 Kxc6 57. h5 Bxh5 58. Bxh5 Kc5 59. a4 Kd6 60. Be8 Kd5 1-0

[Event "Dortmund Sparkassen op-A"]
[Site "Dortmund"]
[Date "2011.07.26"]
[Round "4"]
[White "Chapman, Alan John"]
[Black "Henkemeier, Markus"]
[Result "1-0"]
[WhiteElo "2043"]
[BlackElo "1895"]
[PlyCount "41"]
[EventDate "2011.07.23"]
[EventType "swiss"]
[EventRounds "9"]
[EventCountry "GER"]
[SourceTitle "CBM 143 Extra"]
[Source "ChessBase"]
[SourceDate "2011.08.29"]
[SourceVersion "1"]
[SourceVersionDate "2011.08.29"]
[SourceQuality "1"]

1. e4 c6 2. Nf3 d5 3. Nc3 dxe4 4. Nxe4 Nf6 5. Ng3 Bg4 6. Bc4 e6 7. h3 Bxf3 8. Qxf3 Nbd7 9. Qe2 Nb6 10. Bb3 Be7 11. 0-0 0-0 12. Re1 Re8 13. d3 Bd6 14. Nf1 Nbd5 15. Qf3 h6 16. c4 Ne7 17. Bxh6 Nf5 18. Bg5 Nd4 19. Qd1 Qa5 20. Bxf6 gxf6 21. Qg4+ 1-0

[Event "NRW Class1 1011"]
[Site "Germany"]
[Date "2011.03.13"]
[Round "8.8"]
[White "Chapman, Alan John"]
[Black "Stoeckmann, Helmut"]
[Result "1-0"]
[WhiteElo "2067"]
[BlackElo "2174"]
[PlyCount "111"]
[EventDate "2010.09.26"]
[EventType "team-tourn"]
[EventRounds "9"]
[EventCountry "GER"]
[SourceTitle "EXT 2012"]
[Source "ChessBase"]
[SourceDate "2011.11.24"]
[SourceVersion "1"]
[SourceVersionDate "2011.11.24"]
[SourceQuality "1"]
[WhiteTeam "Lippstadt Turm"]
[BlackTeam "Neuenkirchen"]
[WhiteTeamCountry "GER"]
[BlackTeamCountry "GER"]

1. e4 c5 2. Nf3 e6 3. d4 cxd4 4. Nxd4 a6 5. Bd3 Bc5 6. Nb3 Ba7 7. Qg4 Nf6 8. Qg3 d6 9. Nc3 Nc6 10. Bg5 Bb8 11. 0-0-0 Bd7 12. Rhe1 h6 13. Qh3 Bc7 14. f4 Qe7 15. f5 0-0-0 16. Bh4 Ne5 17. Bf1 Kb8 18. Qe3 Rc8 19. Bf2 Nc6 20. Nd4 Rcd8 21. Nxc6+ Bxc6 22. Qa7+ Kc8 23. e5 Ng4 24. exd6 Qg5+ 25. Kb1 Bb8 26. Qc5 Nxf2 27. Bxa6 Kd7 28. Qxf2 Qxf5 29. Qxf5 exf5 30. Re7+ Kc8 31. d7+ Kc7 32. Bb5 Rhf8 33. Bxc6 bxc6 34. b4 Ba7 35. a4 Bf2 36. g3 f4 37. Ne4 fxg3 38. hxg3 Be3 39. Nd6 Bg5 40. Rxf7 Rg8 41. Ne8+ Kb6 42. Nxg7 Ra8 43. a5+ Kb5 44. c3 Bd8 45. Kc2 Bc7 46. Kb3 Bxg3 47. c4+ Ka6 48. Ne6 Rad8 49. Nxd8 Rxd8 50. b5+ cxb5 51. Rf6+ Kb7 52. cxb5 h5 53. Rc6 h4 54. a6+ Kb8 55. b6 h3 56. Rdc1 1-0

[Event "NRW Class1 1011"]
[Site "Germany"]
[Date "2010.11.28"]
[Round "3.8"]
[White "Chapman, Alan John"]
[Black "Tkachuk, Sergij"]
[Result "1/2-1/2"]
[WhiteElo "2067"]
[BlackElo "2207"]
[PlyCount "83"]
[EventDate "2010.09.26"]
[EventType "team-tourn"]
[EventRounds "9"]
[EventCountry "GER"]
[SourceTitle "EXT 2012"]
[Source "ChessBase"]
[SourceDate "2011.11.24"]
[SourceVersion "1"]
[SourceVersionDate "2011.11.24"]
[SourceQuality "1"]
[WhiteTeam "Lippstadt Turm"]
[BlackTeam "Bochum II"]
[WhiteTeamCountry "GER"]
[BlackTeamCountry "GER"]

1. e4 c5 2. Nf3 d6 3. d4 cxd4 4. Nxd4 Nf6 5. Nc3 g6 6. f4 Nc6 7. Nb3 Bg7 8. Be2 0-0 9. Be3 a5 10. a4 Be6 11. 0-0 Qc8 12. h3 Rd8 13. g4 Nb4 14. Bb6 Rf8 15. Bd4 Bc4 16. g5 Bxe2 17. Nxe2 Nh5 18. Bxg7 Kxg7 19. f5 Qxc2 20. Qxc2 Nxc2 21. Rac1 Rfc8 22. Rfd1 b6 23. Nc3 Ne3 24. Rd3 Nc4 25. Nd5 Nxb2 26. Rxc8 Rxc8 27. Nxe7 Nxd3 28. f6+ Kf8 29. Nxc8 h6 30. h4 hxg5 31. hxg5 Nhf4 32. Nxb6 Nh3+ 33. Kf1 Nxg5 34. Nxa5 Nc5 35. Nac4 Ngxe4 36. a5 Nxf6 37. Nxd6 Ke7 38. Nbc4 Nfd7 39. Kf2 f5 40. a6 Nxa6 41. Nxf5+ gxf5 42. Ne3 1/2-1/2

[Event "Karl Mala Memorial op 13th"]
[Site "Frankfurt"]
[Date "2010.07.10"]
[Round "4"]
[White "Wagner, Stefan1111"]
[Black "Chapman, Alan John"]
[Result "0-1"]
[WhiteElo "1905"]
[BlackElo "2065"]
[PlyCount "46"]
[EventDate "2010.07.08"]
[EventType "swiss"]
[EventRounds "7"]
[EventCountry "GER"]
[SourceTitle "EXT 2012"]
[Source "ChessBase"]
[SourceDate "2011.11.24"]
[SourceVersion "1"]
[SourceVersionDate "2011.11.24"]
[SourceQuality "1"]

1. d4 d5 2. c4 e5 3. dxe5 d4 4. Nf3 Nc6 5. a3 Bg4 6. Nbd2 Qe7 7. h3 Bh5 8. g4 Bg6 9. b4 0-0-0 10. Bb2 f6 11. exf6 gxf6 12. Bg2 h5 13. Nh4 Ne5 14. Nxg6 Nxg6 15. Bf3 Ne5 16. Qb3 hxg4 17. hxg4 d3 18. 0-0-0 Rxh1 19. Rxh1 dxe2 20. Bxe2 Bh6 21. Rd1 Ng6 22. Bf1 Rxd2 23. Rxd2 Qe1+ 0-1

[Event "Lippstadt Turm op"]
[Site "Lippstadt"]
[Date "2009.06.12"]
[Round "3"]
[White "Chapman, Alan John"]
[Black "Gutman, Lev"]
[Result "0-1"]
[WhiteElo "2094"]
[BlackElo "2494"]
[PlyCount "70"]
[EventDate "2009.06.11"]
[EventType "swiss"]
[EventRounds "7"]
[EventCountry "GER"]
[SourceTitle "CBM 130 Extra"]
[Source "ChessBase"]
[SourceDate "2009.07.02"]
[SourceVersion "2"]
[SourceVersionDate "2009.07.15"]
[SourceQuality "1"]

1. e4 c5 2. Nf3 Nc6 3. d4 cxd4 4. Nxd4 Qb6 5. Nb3 e6 6. Be3 Qc7 7. a3 Nf6 8. Nc3 d6 9. Be2 Be7 10. 0-0 0-0 11. g4 Ne5 12. Nb5 Qc6 13. f3 a6 14. N3d4 Qd7 15. g5 axb5 16. gxf6 Bxf6 17. Nxb5 d5 18. Bc5 Be7 19. Bxe7 Qxe7 20. Qd4 Ng6 21. exd5 exd5 22. Rf2 Bf5 23. Nc3 Rad8 24. Nxd5 Qg5+ 25. Rg2 Rxd5 26. Rxg5 Rxd4 27. Rxf5 Re8 28. Kf1 Rh4 29. Bb5 Rc8 30. Bd3 Nf4 31. Be4 g6 32. Rf6 Kg7 33. Rb6 Rxh2 34. Kg1 Rg2+ 35. Kf1 Rc5 0-1

[Event "EU-ch 8th"]
[Site "Dresden"]
[Date "2007.04.05"]
[Round "3"]
[White "Armbrust, Florian"]
[Black "Chapman, Alan John"]
[Result "1-0"]
[WhiteElo "2255"]
[BlackElo "2058"]
[PlyCount "67"]
[EventDate "2007.04.03"]
[EventType "swiss"]
[EventRounds "11"]
[EventCountry "GER"]
[SourceTitle "CBM 118"]
[Source "ChessBase"]
[SourceDate "2007.05.31"]
[SourceVersion "1"]
[SourceVersionDate "2007.05.31"]
[SourceQuality "1"]

1. e4 c5 2. Nc3 e6 3. f4 a6 4. a4 b6 5. g3 Bb7 6. Bg2 Nf6 7. d3 d6 8. Nh3 Nbd7 9. 0-0 h5 10. Ng5 Be7 11. Qe2 e5 12. Nd1 Qc7 13. Ne3 h4 14. Nf5 Nh5 15. g4 Bxg5 16. fxg5 g6 17. gxh5 gxf5 18. Rxf5 Nf8 19. Be3 Bc8 20. Rf2 Be6 21. c3 Rg8 22. b4 Nh7 23. g6 fxg6 24. hxg6 Rxg6 25. Kh1 h3 26. Bxh3 Bxh3 27. Qh5 Qg7 28. Rg1 Nf8 29. Rxf8+ Qxf8 30. Rxg6 0-0-0 31. Qxh3+ Kb7 32. Qf5 cxb4 33. cxb4 Qe7 34. Bg5 1-0

[Event "Bayern-chI Bank Hofmann 10th"]
[Site "Bad Wiessee"]
[Date "2006.11.04"]
[Round "1"]
[White "Kosic, Dragan"]
[Black "Chapman, Alan John"]
[Result "1-0"]
[WhiteElo "2518"]
[BlackElo "2040"]
[PlyCount "109"]
[EventDate "2006.11.04"]
[EventType "swiss"]
[EventRounds "9"]
[EventCountry "GER"]
[SourceTitle "EXT 2007"]
[Source "ChessBase"]
[SourceDate "2006.11.23"]
[SourceVersion "1"]
[SourceVersionDate "2006.11.23"]
[SourceQuality "1"]

1. d4 e6 2. Nf3 Nf6 3. e3 b6 4. Bd3 Bb7 5. 0-0 Be7 6. c4 0-0 7. Nc3 d5 8. b3 Nbd7 9. Bb2 c5 10. cxd5 exd5 11. Qe2 Re8 12. Ba6 Qc8 13. Bxb7 Qxb7 14. Rfd1 Ne4 15. dxc5 Nxc3 16. Bxc3 bxc5 17. Qd3 Nb6 18. Rac1 Rad8 19. Qf5 Qc8 20. Qxc8 Rxc8 21. Kf1 f6 22. Ba5 Red8 23. Rc2 Rd7 24. Ne1 Rc6 25. Rcd2 Rcd6 26. Nd3 Rc6 27. Nf4 g5 28. Ne2 Na8 29. Rxd5 Rxd5 30. Rxd5 Ra6 31. Bd8 Rxa2 32. Nc3 Ra1+ 33. Ke2 Nb6 34. Bxe7 Nxd5 35. Nxd5 Rb1 36. Bxc5 Rxb3 37. Bxa7 Kf7 38. e4 Ke6 39. Ne3 Ke5 40. f3 Rb2+ 41. Kd3 Ra2 42. Bd4+ Ke6 43. h3 h5 44. Bc3 Kf7 45. Bd2 Ra3+ 46. Ke2 Ke6 47. g3 Ra1 48. h4 Ra8 49. Nf5 gxh4 50. Nxh4 Kf7 51. Ke3 Rb8 52. Kf4 Rb5 53. Nf5 Rb8 54. Bc3 Rb5 55. Ne3 1-0

[Event "NRW Class1 0405"]
[Site "Germany"]
[Date "2004.10.10"]
[Round "1.8"]
[White "Chapman, Alan John"]
[Black "Scharfenberg, Michael"]
[Result "0-1"]
[WhiteElo "2050"]
[BlackElo "2016"]
[PlyCount "92"]
[EventDate "2004.10.10"]
[EventType "team"]
[EventRounds "9"]
[EventCountry "GER"]
[SourceTitle "EXT 2006"]
[Source "ChessBase"]
[SourceDate "2005.11.24"]
[SourceVersion "1"]
[SourceVersionDate "2005.11.24"]
[SourceQuality "1"]
[WhiteTeam "Lippstadt Turm"]
[BlackTeam "Koeln Porz III"]
[WhiteTeamCountry "GER"]
[BlackTeamCountry "GER"]

1. e4 c5 2. Nf3 Nc6 3. d4 cxd4 4. Nxd4 e5 5. Nb5 d6 6. N1c3 a6 7. Na3 b5 8. Nd5 Nge7 9. c3 Nxd5 10. exd5 Ne7 11. Nc2 Bb7 12. Nb4 Qd7 13. a4 bxa4 14. c4 g6 15. Bg5 Bg7 16. Bxe7 Kxe7 17. Qxa4 Qxa4 18. Rxa4 e4 19. f3 exf3 20. Nd3 fxg2 21. Bxg2 Rab8 22. 0-0 Rhc8 23. Rf4 f5 24. Rh4 h6 25. Rh3 Kf7 26. Nf4 Bxb2 27. Ne6 Bg7 28. Rb3 Ba8 29. Rxb8 Rxb8 30. Rxa6 Be5 31. Ra7+ Kf6 32. Ra6 Rb1+ 33. Bf1 Bb7 34. Ra3 Bc8 35. Nc7 Bd4+ 36. Kg2 Rb2+ 37. Kh1 Be5 38. Ra8 Rxh2+ 39. Kg1 Bd7 40. Bg2 Rh4 41. Bf1 Rg4+ 42. Kh1 f4 43. Rg8 Bf5 44. Rf8+ Kg7 45. Rxf5 gxf5 46. Bd3 f3 0-1

[Event "Moehnesee Cup 29th"]
[Site "Moehnesee"]
[Date "2003.08.29"]
[Round "2"]
[White "Chapman, Alan John"]
[Black "Schuh, Dirk"]
[Result "0-1"]
[WhiteElo "2037"]
[BlackElo "2246"]
[PlyCount "68"]
[EventDate "2003.08.??"]
[EventType "swiss"]
[EventRounds "9"]
[EventCountry "GER"]
[SourceTitle "EXT 2005"]
[Source "ChessBase"]
[SourceDate "2004.11.15"]
[SourceVersion "1"]
[SourceVersionDate "2004.11.15"]
[SourceQuality "1"]

1. e4 e6 2. d4 d5 3. Nd2 Nf6 4. e5 Nfd7 5. Bd3 c5 6. c3 Nc6 7. Ngf3 Be7 8. 0-0 g5 9. b4 cxd4 10. cxd4 Nxb4 11. Be2 Nf8 12. Nb3 b6 13. a4 Ba6 14. Bxa6 Nxa6 15. Qe2 Nc7 16. h3 Ng6 17. Be3 Kf8 18. h4 h6 19. Qd2 Kg7 20. hxg5 hxg5 21. Nxg5 Rh5 22. f4 Bxg5 23. fxg5 Qh8 24. Kf2 Ne7 25. Bf4 Qh7 26. Rac1 Na6 27. g4 Rh3 28. Bg3 Qe4 29. Qd1 Nb4 30. Rc3 Rc8 31. Rf3 Rc2+ 32. Kg1 Kg8 33. R1f2 Qxg4 34. Kg2 Rxg3+ 0-1